| 000 | 00476nam a2200181Ia 4500 | ||
|---|---|---|---|
| 008 | 151202s9999||||xx |||||||||||||| ||und|| | ||
| 082 | _bPNVM-9965 | ||
| 100 | _aDUNBAR GEORGE. | ||
| 245 | _aINDIA & THE PASSING OF EMPIRE. | ||
| 260 | _b"NICHOLSON WASTON , LONDON." | ||
| 260 | _c0 | ||
| 300 | _a245 | ||
| 600 | _aDUNBAR GEORGE. | ||
| 630 | _aINDIA & THE PASSING OF EMPIRE. | ||
| 700 | _aDUNBAR GEORGE. | ||
| 730 | _aINDIA & THE PASSING OF EMPIRE. | ||
| 942 | _cBOOK | ||
| 999 |
_c1275954 _d1275951 |
||